banner-ar

L'architecture des pyramides à textes. (Record no. 60715)

MARC details
000 -الفاتح
حقل البيانات ثابتة الطول 01706cam a2200445 a 4500
005 - وقت وتاريخ اخر تعامل مع التسجيلة
رقم الضبط 20240530110424.0
008 - عناصر البيانات ثابتة الطول - معلومات عامة
حقل البيانات ثابتة الطول 980313m19961996ua ab b 001 0 fre d
010 ## -
-- 98126204
020 ## - الرقم الدولى المعيارى للكتب
الرقم الدولى المعيارى للكتاب 2724701771
020 ## - الرقم الدولى المعيارى للكتب
الرقم الدولى المعيارى للكتاب 2724701771 (set)
020 ## - الرقم الدولى المعيارى للكتب
الرقم الدولى المعيارى للكتاب 272470178X (v. 1)
020 ## - الرقم الدولى المعيارى للكتب
الرقم الدولى المعيارى للكتاب 2724701798 (v. 2)
035 ## - رقم ضبط النظام
رقم ضبط النظام (OCoLC)35701689
040 ## - مصدر الفهرسة
وكالة الفهرسة الأصلية EG-CaGPL
وكالة النسخ EG-CaGPL
042 ## -
-- lccopycat
043 ## - رمز المنطقة الجغرافية
رمز المنطقة الجغرافية f-ua---
082 04 - رقم تصنيف ديوى العشرى
رقم الطبعة 21
رقم التصنيف 932
رقم المادة CC/L A
100 1# - المدخل الرئيسى - إسم شخصى
الإسم الشخصى Labrousse, A.
245 12 - بيان العنوان
العنوان L'architecture des pyramides à textes.
رقم الجزء/قسم العمل I,
اسم جزء/قسم العمل Saqqara nord /
بيان المسئوليه,etc Audran Labrousse [dans le cadre de] la Mission archéologique de Saqqara III.
260 ## - PUBLICATION, DISTRIBUTION, ETC. (IMPRINT)
تاريخ النشر أو التوزيع 1996.
300 ## - الوصف المادى
التعداد 2 v. :
تفاصيل ماديه اخرى للوعاء ill., map ;
أبعاد الوعاء 28 cm.
490 1# - بيان السلسلة
عنوان السلسلة Mission archéologique de Saqqara ;
رقم المجلد/ التعيين التسلسلي 3
504 ## - تبصرة ببليوجرافية
تبصرة ببليوجرافية,الخ Includes bibliographical references (v. 1, p. 187-198) and index.
650 #0 - المدخل الاضافى بالموضوع-مصطلح موضوعى
مصطلح موضوعي Pyramids
التقسيم الفرعي الجغرافي Egypt
-- Ṣaqqārah.
650 #0 - المدخل الاضافى بالموضوع-مصطلح موضوعى
مصطلح موضوعي Architecture, Ancient
التقسيم الفرعي الجغرافي Egypt
-- Ṣaqqārah.
650 #0 - المدخل الاضافى بالموضوع-مصطلح موضوعى
مصطلح موضوعي Tombs
التقسيم الفرعي الجغرافي Egypt
-- Ṣaqqārah.
650 #7 - المدخل الاضافى بالموضوع-مصطلح موضوعى
مصطلح موضوعي Pyramides, textes des
التقسيم الفرعي الجغرافي Egypte
-- Saqqarah.
مصدر الرأس أو المصطلح ram
650 #7 - المدخل الاضافى بالموضوع-مصطلح موضوعى
مصطلح موضوعي Architecture égyptienne.
مصدر الرأس أو المصطلح ram
650 #7 - المدخل الاضافى بالموضوع-مصطلح موضوعى
مصطلح موضوعي Pyramides
التقسيم الفرعي الجغرافي Egypte
-- Saqqarah
التقسيم الفرعي العام Dessins et plans.
مصدر الرأس أو المصطلح ram
650 #7 - المدخل الاضافى بالموضوع-مصطلح موضوعى
مصطلح موضوعي Pyramides
التقسيم الفرعي الجغرافي Egypte
-- Saqqarah
التقسيم الفرعي العام Construction.
مصدر الرأس أو المصطلح ram
651 #0 - المدخل الاضافى بالموضوع - اسم جغرافى
الاسم الجغرافي Ṣaqqārah (Egypt)
التقسيم الفرعي العام Antiquities.
651 #7 - المدخل الاضافى بالموضوع - اسم جغرافى
الاسم الجغرافي Saqqarah (Egypte).
مصدر الرأس أو المصطلح ram
710 2# - المدخل الاضافى - اسم هيئه
اسم الهيئة أو اسم السلطة كمدخل Institut français d'archéologie orientale du Caire.
710 2# - المدخل الاضافى - اسم هيئه
اسم الهيئة أو اسم السلطة كمدخل Mission archéologique française de Saqqarah.
942 ## - عناصر المدخل الإضافي( كوها)
مصدر التصنيف او مخطط الترفيف Dewey Decimal Classification
Koha [default] item type كتاب
260 ## - PUBLICATION, DISTRIBUTION, ETC. (IMPRINT)
-- Le Caire :
-- Institut français d'archéologie orientale,
440 #0 - بيان السلسلة/مدخل إضافى-العنوان
العنوان Bibliothèque d'étude,
الرقم الدولى المعيارى للدوريات 0259-3823 ;
رقم المجلد/ التعيين التسلسلي 114.
505 0# - تبصرة محتويات-الفهرس
تبصرة المحتويات المصاغة 1. [Text] -- 2. Figures.
830 #0 - المدخل الاضافى بالسلسلة -عنوان موحد
عنوان موحد Mission archéologique de Saqqara (Series) ;
رقم المجلد/ التعيين التسلسلي 3.
Holdings
حالة التراجع حالة الفقد مصدر التصنيف او خطة الترفيف حالة تلف ليس للاعارة المكان المؤقت الموقع الحالى تاريخ الاكتساب اجمالي اﻻعارات رقم الطلب الباركود تاريخ اخر مشاهدة تاريخ تفعيل السعر نوع وعاء كوها
    ddc     مكتبة القاهرة الكبرى مكتبة القاهرة الكبرى 03/22/2015   932 CC/L A 159820 03/22/2015 03/22/2015 كتاب
    ddc     مكتبة القاهرة الكبرى مكتبة القاهرة الكبرى 03/22/2015   932 CC/L A 159821 03/22/2015 03/22/2015 كتاب

Powered By

EGPV